000 00459nam a2200169Ia 4500
005 20240604012518.0
008 240331s9999 xx 000 0 und d
020 _a0803003
082 _bCHA
_a396
100 _aChatterjee, R
245 4 _aThe Queen's daughters :
_bprostitutes as an outcast group in colonial India
260 _aFantoft
_bChr.Michelesen Institution
_c1992
300 _avi,34 p.,
650 _aWomen
650 _aProstitiution
942 _cL
999 _c2873
_d2873